000 00597nam a2200229Ia 4500
003 BUBTL
008 151213s9999 xx 000 0 und d
020 _a471019394
082 _bCOS
100 _aW.G. Cochran
245 _aSampling Techniques
_cW.G. Cochran
250 _a3rd
260 _aNew York
_bJohn Wiley Sons
_c1977
300 _a[xvi] , 428p . :
_bTable ; 22cm .
_cStatistics .
500 _aIncludes Index .
650 _aStatistics
650 _aStatistics
700 _aW.G. Cochran
856 _k0
_l0
_yDownload
942 _2ddc
_cBK
999 _c2572
_d2572